00326nam a2200109Ia 4500082001200000100003300012245005500045260002800100300002100128650004800149710001900197 aTK.0103 aKale, Ramchandra Sadashivrao 0aTrade unionism among bank employees in Maharashtra c1975bNagpur University a430p. + C D - 45 aTRADE UNIONS - BANK EMPLOYEES - MAHARASHTRA aDeshmukh, N.C.